00346nam a22001217a 450000500170000002000230001703500230004003700130006310000200007624500570009626000490015330000220020220180722115649.0 a8176488380c895.00 aB-158907, B-158903 aDPLbENG aSingh, Sita Ram aLand reforms and farm diversity /cby Sita Ram Singh aNew DelhibAPH Publishing Corporation c2005 av, 366p.c20 cms.